000 00698nam a22002057a 4500
003 SEM
005 20260623142933.0
008 260623s1980 ai ||||gr||||||01|||arm|d
040 _aSEM
_cSEM
041 _aarm
080 _a891.981-3/Պ-50
100 _aՊետրոսյան, Վարդգես
245 _aՎերջին ուսուցիչը:
_bՎիպակներ և պատմվածքներ /
_cՎ. Պետրոսյան ; Խմբ.՝ Մ. Թերզյան
260 _aԵրևան :
_bՍովետ. գրող,
_c1980.
300 _a614 էջ ;
_bնկ. ;
_c20 սմ
650 _aՀայ գրականություն
_xարձակ
653 _aՍԷՄ
700 _aԹերզյան, Մ.
_eխմբ.
_4edt.
942 _2udc
_cBK
_n0
999 _c77321
_d77321